| 000 | 00483nam a22001817a 4500 | ||
|---|---|---|---|
| 999 |
_c190392 _d190392 |
||
| 005 | 20220722164815.0 | ||
| 010 | _aENG-133868 | ||
| 020 |
_c425.00 _a978-81-910340-3-5 |
||
| 035 | _aEN-117400 | ||
| 037 | _bDBAD/PUB | ||
| 082 | _a658.40092 | ||
| 100 | _aBaig, Mirza my life | ||
| 245 |
_aIt's my life/ _cMirza Yawar Baig |
||
| 260 |
_aNew Delhi _bFingerprinti _c2012 |
||
| 270 |
_a113/A, Darya Ganj _bNew Delhi _e110002 |
||
| 300 |
_a592p. _c19cm(pbk) |
||
| 942 |
_2ddc _cEN _hN _mANI |
||